Statistics for 2019 USA World Cup Basketball Team

Click here to take the quiz!

General Stats

  • This quiz has been taken 19 times
  • The average score is 11 of 16

Answer Stats

Pos # Team Answer % Correct
F34Boston CelticsJayson Tatum
94%
G53Utah JazzDonovan Mitchell
88%
CoachSan Antonio SpursGregg Popovich
88%
F33Boston CelticsJaylen Brown
81%
G26Boston CelticsKemba Walker
81%
C49Milwaukee BucksBrook Lopez
75%
F57Milwaukee BucksKhris Middleton
69%
G40Boston CelticsMarcus Smart
69%
C56Indiana PacersMyles Turner
69%
Asst. CoachSteve Kerr
69%
F24Sacramento KingsHarrison Barnes
63%
G46San Antonio SpursDerrick White
56%
G47Brooklyn NetsJoe Harris
50%
C35Denver NuggetsMason Plumlee
50%
Asst. CoachJay Wright
31%
Asst. CoachLloyd Pierce
19%

Score Distribution

Percentile by Number Answered

Percent of People with Each Score

Your Score History

You have not taken this quiz